Aesthetics of incompleteness (Record no. 23555)
[ view plain ]
| 000 -LEADER | |
|---|---|
| fixed length control field | 00408nam a2200157Ia 4500 |
| 005 - DATE AND TIME OF LATEST TRANSACTION | |
| control field | 20250630115040.0 |
| 008 - FIXED-LENGTH DATA ELEMENTS--GENERAL INFORMATION | |
| fixed length control field | 231207s9999 xx 000 0 und d |
| 040 ## - CATALOGING SOURCE | |
| Transcribing agency | PK-LaNCA |
| 082 ## - DEWEY DECIMAL CLASSIFICATION NUMBER | |
| Classification number | MPH 808.888 |
| Item number | SHO |
| 100 ## - MAIN ENTRY--PERSONAL NAME | |
| Author Name | Shoaib Bin Hassan |
| 245 #0 - TITLE STATEMENT | |
| Title | Aesthetics of incompleteness |
| 260 ## - PUBLICATION, DISTRIBUTION, ETC. | |
| Name of publisher, distributor, etc. | Iqbal Academy Pakistan |
| Place of publication, distribution, etc. | Lahore |
| Date of publication, distribution, etc. | 2006 |
| 300 ## - PHYSICAL DESCRIPTION | |
| Pages | xi, 484p |
| 650 ## - SUBJECT ADDED ENTRY--TOPICAL TERM | |
| Subject | Prose writings |
| 942 ## - ADDED ENTRY ELEMENTS (KOHA) | |
| Koha item type | M. Phil. |
| 999 ## - | |
| -- | 23555 |
| -- | 23555 |
| Withdrawn status | Weedout from Library | Permanent Location | Current Location | Shelving location | Date acquired | Full call number | Barcode | Price effective from | Koha item type |
|---|---|---|---|---|---|---|---|---|---|
| NATIONAL COLLEGE OF ARTS, LAHORE - LIBRARY | NATIONAL COLLEGE OF ARTS, LAHORE - LIBRARY | M.Phil Section Basement of Library | 08/12/2023 | MPH 808.888 SHO 27889 | 27889 | 08/12/2023 | M. Phil. |